000 01053cam a22003014a 4500
001 14263
003 BD-JhCC
005 20250225123019.0
008 011115s2005 ohua b 001 0 eng
020 _a 0073079081
035 _a(BD-JhCC)14263
040 _aDLC
_cDLC
_dDLC
041 _aenglish
050 0 0 _aHF5718.3
_b.G838 2003
082 0 0 _a573.8
_221
_bANG 2005
100 1 _a Angeloni,Elvio
245 1 0 _aPhysical anthropology 05/06 /
_cElvio Angeloni.
250 _a4th ed.
260 _aIowa :
_bMcGraw-Hill/Dushkin, Dubuque,
_c2005.
300 _a207 p. :
_b ill. ;
_c27 cm.
504 _aIncludes bibliographical references and index.
650 0 _aPhysical anthropology
856 4 2 _3Contributor biographical information
_uhttp://www.loc.gov/catdir/enhancements/fy1514/2001057608-b.html
856 4 2 _3Publisher description
_uhttp://www.loc.gov/catdir/enhancements/fy1514/2001057608-d.html
856 4 1 _3Table of contents only
_uhttp://www.loc.gov/catdir/enhancements/fy1514/2001057608-t.html
942 _2ddc
_cBK
999 _c14263
_d14263